000
00310nam a22001337a 4500
008
170221b xxu||||| |||| 00| 0 eng d
020
_a
9780815136309
041
_a
eng
080
_2
4 ED
_a
615
100
_a
5
101
_a
SHF
245
_a
APPLIED PHARMACOLOGY DENTAL HYGIENIST
_c
CLARK .B.R
942
_2
udc
_c
BK
999
_c
5987
_d
5987